Tilastot visalle Yleistieto #18

Klikkaa tästä pelataksesi tätä visaa!

Yleistilastot

  • Tätä visaa on pelattu 622 kertaa
  • Keskiarvotulos 6 / 15

Vastaustilastot

VinkkiVastaus% Oikein
Mikä on Turun ruotsinkielinen nimi?Åbo
94%
Missä kaupungissa on Puijon torni?Kuopiossa
79%
Mikä eläin on latinaksi Panthera Leo?Leijona
70%
Mikä on suurin kaupunki, joka sijaitsee Itämeren rannalla?Pietari
53%
Kuka on kirjoittanut kirjan "Stalinin Lehmät"?Sofi Oksanen
42%
Missä Yhdysvaltojen osavaltiossa on Detroit?Michigan
41%
Kuka voitti vuoden 2016 Formula 1 maailmanmestaruuden?Nico Rosberg
40%
Kuka oli Suomen ensimmäinen Suurruhtinas? (Huom.muista myös järjestysluku)Aleksanteri I
35%
Mikä on neuroni?Hermosolu
35%
Missä kaupungissa järjestettiin vuoden 2006 talviolympialaiset?Torinossa
34%
Kuka suomalainen vastaanotti Ingmar Bergmanin Oscarin?Jörn Donner
28%
Minkä yhtyeen hittejä ovat "Say My Name" ja "Bootylicious"Destiny's Childin
24%
Missä uhkapelikaupungissa Trump omisti kasinoita?Atlantic Cityssä
19%
Minkä maan pääkaupunki on Praia?Kap Verden
17%
Kuka perusti Suomen Diakonissalaitoksen?Aurora Karamzin
2%

Tulosjakauma

Persentiili vastausten määrän mukaan

Jokaisen tuloksen saaneiden osuus

Tuloshistoriasi

Et ole pelannut tätä visaa